1461 1849 1931 1148 1262 1080 1761 1272 1670 1180 1091 1955 1125 1692 1439 1339 1364 1769 1809 1381 1725 1496 1644 1896 1987 1651 1322 1234 1234 1168 1899 1573 1695 1557 1258 1574 1400 1469 1838 1358 1441 1904 1616 1211 1062 1523 1886 1223 1437 1084 1719 1680 1728 1163 1514 1391 1532 1720 1431 1998 1309 1454 1616 1776 1458 1749 1518 1296 1578 1813 1982 1048 1498 1662 1698 1422 1179 1202 1554 1850 1838 1188 1027 1603 1945 1697 1619 1440 1512 1044 1761 1216 1344 1737 1396 1910 1184 1591 1583 BCNSPRNW ULIB Ver.6.0+V

เปลี่ยนเป็นภาษาไทย

Change to English
 แสดงรายละเอียดบรรณานุกรม
  กลับหน้าหลัก

Brief Record : Get Marc (ISO 2709) : E-mail record : QR code < ปิดหน้าต่าง
LEADER : 00000nam 2200000uu 4500
001    13399123570
003     ULIB
008    141010s2550||||th 000 0 tha d
020    9789748072784
099    นว^bส988บ
100 0  โสภี พรรณราย
245 00 บุษบาเร่รัก^c โสภี พรรณราย
260    กรุงเทพ :^bbeauty,^c2550
945    ^p260^l0^i021033
999    ^aเกษร โพธิ์สุวรรณ
รายการนี้ยังไม่มีแท็ก
คุณยังไม่ได้ล็อกอิน คุณสามารถมีกิจกรรมร่วมกับเว็บไซต์ได้ แต่ต้องล็อกอินก่อน ::
  ล็อกอิน

รายการสื่อสารสนเทศ

ลำดับที่ ประเภท เลขเรียก/บาร์โค้ด สถานที่ สถานะ
1. นวนิยาย
นวนิยาย
นว ส988บ ฉ.1 
  Barcode: 021033
ห้องสมุดวิทยาเขตสวรรค์ประชารักษ์
►นวนิยาย
บนชั้น
  ขอยืม

รายการใกล้เคียง
    ผู้แต่ง [โสภี พรรณราย]

BibComment


ยังไม่เคยถูกคอมเมนท์

คอมเมนท์ทรัพยากรรายการนี้
  คอมเมนท์: บุษบาเร่รัก โสภี..


 Copyright 2026. Bcnsprnw @Library